Tercera residencia
Sábháilte in:
| Príomhchruthaitheoir: | |
|---|---|
| Formáid: | LEABHAR |
| Teanga: | Undetermined |
| Foilsithe / Cruthaithe: |
Argentina
Losada
1979
|
| Eagrán: | 6 |
| Ábhair: | |
| Clibeanna: |
Cuir clib leis
Níl clibeanna ann, Bí ar an gcéad duine le clib a chur leis an taifead seo!
|
MARC
| LEADER | 00000nam a2200000Ia 4500 | ||
|---|---|---|---|
| 008 | 170316s9999 xx 000 0 und d | ||
| 040 | |a cru BVZT | ||
| 090 | |a 860 N-5t | ||
| 100 | |a Neruda, Pablo | ||
| 245 | |a Tercera residencia | ||
| 250 | |a 6 | ||
| 260 | |a Argentina | ||
| 260 | |b Losada | ||
| 260 | |c 1979 | ||
| 300 | |a 101 páginas | ||
| 650 | |a LITERATURA LATINOAMERICANA | ||
| 999 | |c 9017 |d 9017 | ||
| 942 | |c 15 D |h 860 N-5t |2 z | ||
